Statistiche per Riconosci la Squadra di calcio - Quiz n°218

Clicka qui per fare il quiz!

Statistiche generali

  • Questo quiz è stato fatto 4 volte
  • Il punteggio medio è 7 su 10

Statistiche sulle risposte

IndizioRisposta% Corretto
SimboliGufo
100%
Colori socialiRosso, bianco
100%
ConfederazioneUEFA
100%
Titoli nazionali5 Campionati belgi
75%
Divisione nazionale 2023-2024Prima
75%
Trofei internazionali0
50%
Capienza Stadio16 649 posti
50%
Fondazione1880
50%
Trofei nazionali4 Coppe del Belgio
1 Supercoppa del Belgio
50%
SquadraAnversa
25%

Distribuzione punteggi

Percentile per numero di risposta

Percentuale di utenti per punteggio

I tuoi punteggi nel tempo

Non hai fatto questo quiz